載入...

Outlines of plant pathology

書目詳細資料
主要作者: Mathre, D E
其他作者: Strobel, G A
格式: Printed Book
語言:Undetermined
English
出版: New York Van Nostrand Reinhold Company 1970
主題:
LEADER 00578nam a2200181Ia 4500
008 140306s9999 xx 000 0 und d
041 |a eng 
082 |a 632  |b STR/OU 
100 |a Mathre, D E 
700 |a Strobel, G A 
245 |a Outlines of plant pathology 
260 |a New York  |b Van Nostrand Reinhold Company  |c 1970 
300 |a 465 
365 |b Rs.17.95 
650 |a Plant diseases 
942 |2 ddc  |c BK 
999 |c 106350  |d 106350 
952 |0 0  |1 0  |2 ddc  |4 0  |6 632_000000000000000_STROU  |7 0  |9 103382  |a KAUHCV  |b KAUHCV  |d 2004-03-17  |g 17.95  |o 632 STR/OU  |p KAU_HCV-12580  |r 2014-03-22  |w 2014-03-22  |y BK